Знаменитые люди Черноморского флота (Запись № 4640141)
[ простой вид ]
| 000 -МАРКЕР | |
|---|---|
| контрольное поле | 01981nam1a2200397 i 4500 |
| 001 - ИДЕНТИФИКАТОР ЗАПИСИ | |
| контрольное поле | RU\NLR\bibl\2064136 |
| 005 - ИДЕНТИФИКАТОР ВЕРСИИ | |
| контрольное поле | 20260405192111.0 |
| 035 ## - ДРУГИЕ СИСТЕМНЫЕ НОМЕРА | |
| Идентификатор записи | (NLR Aleph) 002050735 |
| 100 ## - ДАННЫЕ ОБЩЕЙ ОБРАБОТКИ | |
| Данные общей обработки | 20130819g20139999u y0rusy50 ca |
| 101 0# - ЯЗЫК РЕСУРСА | |
| Язык текста, звукозаписи и т.д. | русский |
| 102 ## - СТРАНА ПУБЛИКАЦИИ ИЛИ ПРОИЗВОДСТВА | |
| Страна публикации | Российская Федерация |
| 105 ## - ПОЛЕ КОДИРОВАННЫХ ДАННЫХ: ТЕКСТОВЫЕ МАТЕРИАЛЫ, МОНОГРАФИЧЕСКИЕ | |
| Кодированные данные о монографическом текстовом документе | ||||g ||||| |
| 200 1# - ЗАГЛАВИЕ И СВЕДЕНИЯ ОБ ОТВЕТСТВЕННОСТИ | |
| Основное заглавие | Знаменитые люди Черноморского флота |
| Сведения, относящиеся к заглавию | [1783-2013 |
| -- | биографический справочник] |
| Первые сведения об ответственности | В.П. Комоедов, В.М. Йщлтуховский |
| 210 ## - ПУБЛИКАЦИЯ, РАСПРОСТРАНЕНИЕ И ДР. | |
| Место издания, распространения и т.д. | Санкт-Петербург |
| Имя издателя, распространителя и т. д. | [б. и.] |
| Дата издания, распространения и т.д. | 2013 |
| 215 ## - ФИЗИЧЕСКАЯ ХАРАКТЕРИСТИКА | |
| Размеры | 29 |
| 225 1# - СЕРИЯ | |
| Основное заглавие серии | Серия "Личности Военно-Морского флота" |
| 300 ## - ОБЩИЕ ПРИМЕЧАНИЯ | |
| Текст примечания | На 4-й с. обл. авт.: Комоедов В.П. - флотоводец, адмирал, Йолтуховский В.М. - флот. историк, литератор |
| 463 #0 - УРОВЕНЬ ФИЗИЧЕСКОЙ ЕДИНИЦЫ | |
| Встроенное поле | 0012059992 |
| 601 02 - НАИМЕНОВАНИЕ ОРГАНИЗАЦИИ КАК ПРЕДМЕТ | |
| Начальный элемент ввода | Черноморский флот |
| Идентифицирующий признак | РСФСР |
| Формальный подзаголовок | Биографические словари |
| Системный номер авторитетной/нормативной записи | 2580093 |
| Идентификатор авторитетной/нормативной записи | RU\NLR\auth\661525312 |
| 601 02 - НАИМЕНОВАНИЕ ОРГАНИЗАЦИИ КАК ПРЕДМЕТ | |
| Начальный элемент ввода | Черноморский флот |
| Формальный подзаголовок | Биографические словари |
| Системный номер авторитетной/нормативной записи | 1568114 |
| Идентификатор авторитетной/нормативной записи | RU\NLR\auth\66686788 |
| 601 02 - НАИМЕНОВАНИЕ ОРГАНИЗАЦИИ КАК ПРЕДМЕТ | |
| Начальный элемент ввода | Черноморский флот России |
| Формальный подзаголовок | Биографические словари |
| Системный номер авторитетной/нормативной записи | 2377336 |
| Идентификатор авторитетной/нормативной записи | RU\NLR\auth\661418610 |
| 601 02 - НАИМЕНОВАНИЕ ОРГАНИЗАЦИИ КАК ПРЕДМЕТ | |
| Начальный элемент ввода | Черноморский флот |
| Идентифицирующий признак | до 1917 г. |
| Формальный подзаголовок | Биографические словари |
| Системный номер авторитетной/нормативной записи | 2580092 |
| Идентификатор авторитетной/нормативной записи | RU\NLR\auth\661525311 |
| 686 ## - ИНДЕКСЫ ДРУГИХ КЛАССИФИКАЦИЙ | |
| Индекс | Ц66,6(2)0-13 |
| 686 ## - ИНДЕКСЫ ДРУГИХ КЛАССИФИКАЦИЙ | |
| Индекс | Ц66,8(2)0-13 |
| 686 ## - ИНДЕКСЫ ДРУГИХ КЛАССИФИКАЦИЙ | |
| Индекс | Ц66,6(2)0-243д |
| 686 ## - ИНДЕКСЫ ДРУГИХ КЛАССИФИКАЦИЙ | |
| Индекс | Ц66,8(2)0-243д |
| 700 #1 - ИМЯ ЛИЦА - ПЕРВИЧНАЯ ОТВЕТСТВЕННОСТЬ | |
| Начальный элемент ввода | Комоедов |
| Часть имени, кроме начального элемента ввода | В. П. |
| Даты | 1950- |
| Расширение инициалов личного имени | Владимир Петрович |
| Код отношения | Автор |
| 701 #1 - ИМЯ ЛИЦА - АЛЬТЕРНАТИВНАЯ ОТВЕТСТВЕННОСТЬ | |
| Код отношения | Автор |
| Материалы, к которым относится поле | rus |
| Графика поля | Кириллица |
| Начальный элемент ввода | Йолтуховский |
| Часть имени, кроме начального элемента ввода | В. М. |
| Даты | 1947- |
| Расширение инициалов личного имени | Виктор Михайлович |
| Идентификатор авторитетной/нормативной записи | RU\NLR\auth\7784039 |
| Системный номер авторитетной/нормативной записи | 66967 |
| 801 #0 - ИСТОЧНИК ЗАПИСИ | |
| Страна | Российская Федерация |
| Организация | NLR |
| Дата составления | 20130819 |
| Правила каталогизации | RCR |
| 801 #1 - ИСТОЧНИК ЗАПИСИ | |
| Страна | Российская Федерация |
| Организация | NLR |
| Дата составления | 20130819 |
| 830 ## - ОБЩЕЕ ПРИМЕЧАНИЕ, СОСТАВЛЕННОЕ КАТАЛОГИЗАТОРОМ | |
| Текст примечания | авт. по кн. |
| 852 ## - МЕСТОНАХОЖДЕНИЕ И ШИФР ХРАНЕНИЯ | |
| Идентификатор организации | NLR |
| Наименование фонда или коллекции (Sub-Location Identifier) | С |
| Шифр хранения (Call Number) | 2013-5/46 |
| 942 ## - ДОПОЛНИТЕЛЬНЫЕ ЭЛЕМЕНТЫ ЗАПИСИ (АБИС) | |
| Тип экземпляра АБИС | Книга |
| 980 ## - КОЛЛЕКЦИЯ | |
| Название коллекции | НБР |
Нет доступных экземпляров.